| 000 | 00604cab a2200193 4500 | ||
|---|---|---|---|
| 001 | WB2322-31 | ||
| 008 | 090401t1987 xxu||||| |||| 00| 0 eng d | ||
| 035 | _a(Sirsi) u7381 | ||
| 041 | _aeng | ||
| 245 | _aOffice design survey | ||
| 260 | _c1987 | ||
| 350 | _a0 | ||
| 490 |
_aEstates Times _vno 897, 5/6/87 p7 |
||
| 520 | _aAccording to a survey by Healey and Baker , more than half of office tenants in Great Britain would be willing to pay more rent for better designed offices . | ||
| 650 | _aTENANTS REQUIREMENTS | ||
| 690 | _aPROPERTY-COMMERCIAL PROPERTY | ||
| 942 | _n0 | ||
| 948 | _c04/03/1997 | ||
| 999 |
_c4454 _d4454 |
||